[Event "World Amateur-ch U1700"]
[Site "Muscat"]
[Date "2023.11.03"]
[Round "2.5"]
[White "Danzanjunai, Ganbat"]
[Black "Al Balushi, Said"]
[Result "1-0"]
[WhiteElo "1668"]
[BlackElo "1472"]
[PlyCount "73"]
[EventDate "2023.11.02"]
[EventType "swiss"]
[EventRounds "9"]
[EventCountry "OMN"]
[SourceTitle "CB46_2023"]
[SourceDate "2023.11.15"]
[SourceVersion "1"]
[SourceVersionDate "2023.11.15"]
[SourceQuality "1"]

1. d4 Nf6 2. Bg5 d5 3. Nd2 Bf5 4. e3 h6 5. Bh4 Nbd7 6. c4 c5 7. Ngf3 g5 8. Bg3 cxd4 9. Nxd4 Bg6 10. cxd5 Bg7 11. d6 0-0 12. dxe7 Qxe7 13. Be2 h5 14. h3 h4 15. Bh2 Nd5 16. N2b3 a5 17. a4 Rfc8 18. 0-0 Nb4 19. Rc1 Rxc1 20. Qxc1 Nd3 21. Bxd3 Bxd3 22. Rd1 Be4 23. Qc7 Qe8 24. Nc5 Nxc5 25. Qxc5 Qxa4 26. b3 Qa2 27. Qxg5 Re8 28. Bf4 Bc2 29. Rc1 Bxb3 30. Qg4 Be6 31. Qxh4 Qd2 32. Rc5 Bxd4 33. exd4 Qe1+ 34. Kh2 Qe4 35. Rg5+ Kf8 36. Bd6+ Re7 37. Qh8# 1-0

[Event "Asia-ch Amateur"]
[Site "Dubai"]
[Date "2023.08.29"]
[Round "2"]
[White "Velavaa, Ragavesh"]
[Black "Al Balushi, Said"]
[Result "1-0"]
[WhiteElo "1824"]
[BlackElo "1497"]
[PlyCount "87"]
[EventDate "2023.08.28"]
[EventType "swiss"]
[EventRounds "9"]
[EventCountry "UAE"]
[SourceTitle "EXT 2024"]
[Source "ChessBase"]
[SourceDate "2023.10.10"]
[SourceVersion "1"]
[SourceVersionDate "2023.10.10"]
[SourceQuality "1"]

1. e4 e6 2. d4 d5 3. exd5 exd5 4. Nf3 Nc6 5. c4 Bb4+ 6. Nc3 Nf6 7. Be3 Bg4 8. Be2 dxc4 9. 0-0 0-0 10. Bxc4 Rb8 11. a3 Bxf3 12. Qxf3 Nxd4 13. Qf4 Bxc3 14. bxc3 Nc2 15. Rad1 Qe7 16. Bc1 Nxa3 17. Rfe1 Qc5 18. Bf1 Rfe8 19. Rxe8+ Rxe8 20. Qa4 Nb1 21. Qb3 Nxc3 22. Ba3 Qa5 23. Bb4 Qa4 24. Qxa4 Nxa4 25. Bb5 Nb2 26. Rd2 c6 27. Bf1 Na4 28. Ra2 b5 29. Rc2 Nd5 30. Ba5 Ne7 31. Bb4 Nd5 32. Ba5 b4 33. Rxc6 b3 34. Bd3 Nac3 35. Bxc3 Nxc3 36. Rxc3 Re1+ 37. Bf1 g6 38. Rxb3 Kg7 39. f3 a5 40. Kf2 Rc1 41. Bd3 h5 42. Ke3 Rc5 43. Rb5 Rc6 44. Rxa5 1-0

[Event "OMA-ch 10th"]
[Site "Muscat"]
[Date "2023.02.19"]
[Round "5"]
[White "Al Balushi, Said"]
[Black "Al Amari, Mohammed"]
[Result "1/2-1/2"]
[WhiteElo "1496"]
[BlackElo "1697"]
[PlyCount "87"]
[EventDate "2023.02.16"]
[EventType "swiss"]
[EventRounds "9"]
[EventCountry "OMN"]
[SourceTitle "EXT 2024"]
[Source "ChessBase"]
[SourceDate "2023.10.10"]
[SourceVersion "1"]
[SourceVersionDate "2023.10.10"]
[SourceQuality "1"]

1. d4 c6 2. Nf3 Nf6 3. Bg5 h6 4. Bxf6 exf6 5. c4 d5 6. cxd5 Qxd5 7. a3 Bf5 8. Nc3 Qa5 9. e4 Bg4 10. Bc4 b5 11. Ba2 Bd6 12. 0-0 0-0 13. Re1 Qc7 14. Rc1 Bxh2+ 15. Kh1 Bf4 16. Nd5 Qd6 17. e5 fxe5 18. dxe5 Bxe5 19. Rxe5 Bxf3 20. Ne7+ Qxe7 21. Rxe7 Bxd1 22. Rxd1 a5 23. Rxf7 Na6 24. Re7+ Kh8 25. Rdd7 Rad8 26. Ra7 Ra8 27. Rxg7 Rxa7 28. Rxa7 Nc5 29. Rxa5 Rxf2 30. b4 Rxa2 31. bxc5 Rc2 32. Ra6 Rxc5 33. Ra7 Rc3 34. Kh2 c5 35. g3 Rb3 36. Kh3 c4 37. Kh4 c3 38. g4 b4 39. axb4 Rxb4 40. Rc7 Rb5 41. Rxc3 Kg7 42. Rc7+ Kg6 43. Rc6+ Kg7 44. Rc4 1/2-1/2

[Event "OMA-ch 10th"]
[Site "Muscat"]
[Date "2023.02.17"]
[Round "2"]
[White "Salim Issa, Ali Shamas"]
[Black "Al Balushi, Said"]
[Result "1-0"]
[WhiteElo "1796"]
[BlackElo "1496"]
[PlyCount "77"]
[EventDate "2023.02.16"]
[EventType "swiss"]
[EventRounds "9"]
[EventCountry "OMN"]
[SourceTitle "EXT 2024"]
[Source "ChessBase"]
[SourceDate "2023.10.10"]
[SourceVersion "1"]
[SourceVersionDate "2023.10.10"]
[SourceQuality "1"]

1. d4 e6 2. e4 d5 3. Nc3 Nf6 4. e5 Nfd7 5. f4 c5 6. Nf3 Nc6 7. Be3 cxd4 8. Nxd4 Bc5 9. Qd2 a6 10. a3 Nxd4 11. Bxd4 b5 12. b4 Bxd4 13. Qxd4 f6 14. exf6 Nxf6 15. Bd3 0-0 16. 0-0 Bd7 17. f5 e5 18. Qxe5 Qb6+ 19. Kh1 Rae8 20. Nxd5 Rxe5 21. Nxb6 Bc6 22. a4 Ng4 23. Kg1 Rfe8 24. h3 Ne3 25. Rf2 bxa4 26. Nxa4 Bxa4 27. Rxa4 Nd1 28. Rf3 Nb2 29. Rxa6 Nxd3 30. Rxd3 Re1+ 31. Kh2 Rb1 32. c3 Rb2 33. Ra7 h5 34. Rdd7 Kh8 35. Rxg7 Ree2 36. f6 h4 37. Rh7+ Kg8 38. Rag7+ Kf8 39. Rh8# 1-0

[Event "Asia-ch Amateur"]
[Site "Muscat"]
[Date "2022.09.30"]
[Round "2"]
[White "Said, Ahmed Ali Jidal Fad"]
[Black "Al Balushi, Said"]
[Result "1/2-1/2"]
[WhiteElo "1755"]
[BlackElo "1495"]
[PlyCount "76"]
[EventDate "2022.09.29"]
[EventType "swiss"]
[EventRounds "9"]
[EventCountry "OMN"]
[SourceTitle "CBM 210 Extra"]
[Source "ChessBase"]
[SourceDate "2022.11.30"]
[SourceVersion "1"]
[SourceVersionDate "2022.11.30"]
[SourceQuality "1"]

1. d4 f5 2. g3 Nf6 3. Bg2 e6 4. Nh3 Be7 5. 0-0 0-0 6. c4 d6 7. Nc3 c6 8. Nf4 Qc7 9. d5 e5 10. Ne6 Bxe6 11. dxe6 Na6 12. Qc2 e4 13. Bh3 Nh5 14. a3 Nc5 15. b4 Nxe6 16. e3 Ng5 17. Bg2 Nf6 18. Bb2 Ng4 19. Ne2 Bf6 20. Bxf6 Rxf6 21. h4 Nf7 22. Bh3 Nfe5 23. Bxg4 Nxg4 24. Kg2 Ne5 25. Nf4 Ng6 26. Nxg6 Rxg6 27. Rad1 Qe7 28. b5 Qxh4 29. Rxd6 Qg4 30. Rxg6 Qxg6 31. Rd1 Qe6 32. c5 cxb5 33. Rd6 Qf7 34. Qd2 Re8 35. Rd7 Re7 36. Rd8+ Re8 37. Rd7 Re7 38. Rd8+ Re8 1/2-1/2

[Event "OMA-chT Clubs"]
[Site "Muscat"]
[Date "2022.09.01"]
[Round "8.1"]
[White "Said, Ahmed Ali Jidal Fad"]
[Black "Al Balushi, Said"]
[Result "1/2-1/2"]
[WhiteElo "1755"]
[BlackElo "1513"]
[PlyCount "99"]
[EventDate "2022.08.26"]
[EventType "team-swiss"]
[EventRounds "9"]
[EventCountry "OMN"]
[SourceTitle "EXT 2023"]
[Source "ChessBase"]
[SourceDate "2022.10.05"]
[SourceVersion "1"]
[SourceVersionDate "2022.10.05"]
[SourceQuality "1"]
[WhiteTeam "Salalah"]
[BlackTeam "Ibri II"]
[WhiteTeamCountry "OMN"]
[BlackTeamCountry "OMN"]

1. d4 e6 2. Nc3 f5 3. e4 fxe4 4. Nxe4 Nf6 5. Nxf6+ Qxf6 6. Nf3 h6 7. Ne5 Nc6 8. Qh5+ g6 9. Qxg6+ Qxg6 10. Nxg6 Nxd4 11. Bd3 Rg8 12. c3 Nf5 13. Bxf5 exf5 14. Nxf8 Kxf8 15. Bxh6+ Kf7 16. g3 b6 17. h4 Bb7 18. Rg1 Rae8+ 19. Kd2 Rg6 20. Bf4 Rge6 21. Rge1 Rxe1 22. Rxe1 Rxe1 23. Kxe1 d6 24. h5 Bd5 25. a3 Bf3 26. h6 Kg6 27. Kd2 c5 28. Ke3 Bd5 29. Bxd6 Kxh6 30. Bb8 b5 31. Bxa7 c4 32. Kd4 Bf7 33. Kc5 Be8 34. Kb4 Kg6 35. b3 cxb3 36. Kxb3 Kf6 37. Kb4 Ke6 38. c4 bxc4 39. Kxc4 Kd6 40. Kb4 Kc6 41. a4 Bd7 42. a5 Bc8 43. Kc4 Ba6+ 44. Kd4 Bc8 45. Ke5 Kb5 46. Bb6 Ka6 47. Kd6 Bb7 48. Kc7 Be4 49. Kd6 Bb1 50. Ke5 1/2-1/2

[Event "Muscat Design Group op 1st"]
[Site "Muscat"]
[Date "2022.03.24"]
[Round "3"]
[White "Al Balushi, Said"]
[Black "Musallam Salim, Al Aamri"]
[Result "0-1"]
[WhiteElo "1476"]
[BlackElo "1690"]
[PlyCount "120"]
[EventDate "2022.03.23"]
[EventType "swiss"]
[EventRounds "7"]
[EventCountry "OMN"]
[SourceTitle "EXT 2023"]
[Source "ChessBase"]
[SourceDate "2022.10.05"]
[SourceVersion "1"]
[SourceVersionDate "2022.10.05"]
[SourceQuality "1"]

1. d4 c5 2. d5 e6 3. Nc3 Nf6 4. e4 Qa5 5. Bd2 Qb6 6. Nf3 d6 7. Bc4 exd5 8. exd5 Bg4 9. 0-0 Be7 10. Re1 Nbd7 11. Qe2 Ne5 12. Bb5+ Kf8 13. a4 a6 14. a5 Qc7 15. Bc4 Qd7 16. Nxe5 dxe5 17. Qxe5 Bd6 18. Qg5 h6 19. Qh4 Be7 20. f3 Bf5 21. Rxe7 Qxe7 22. Re1 Qd7 23. g4 Bxc2 24. g5 Ng8 25. Be3 Ne7 26. gxh6 Kg8 27. Bxc5 Ng6 28. Qg5 Rxh6 29. Ne4 Bxe4 30. Rxe4 Qh3 31. Qg3 Qf5 32. Kg2 Rc8 33. b4 Rh5 34. Be3 Qf6 35. Bd4 Qg5 36. Qxg5 Rxg5+ 37. Kh3 Rxc4 38. Be3 Rh5+ 39. Kg4 Rh4+ 40. Kf5 Nf8 41. Ke5 f6+ 42. Kd6 Rxb4 43. Re8 Kf7 44. Re7+ Kg6 45. Bb6 Rxh2 46. Rxb7 Nh7 47. Ra7 Rb5 48. Rxa6 Rd2 49. Bc5 Ng5 50. Kc6 Rb8 51. Kc7 Re8 52. Rd6 Nxf3 53. a6 Rc2 54. Rc6 Ne5 55. a7 Nxc6 56. Kxc6 Rc8+ 57. Kb7 R2xc5 58. d6 Rd8 59. a8Q Rxa8 60. Kxa8 Rd5 0-1

[Event "OMA-ch"]
[Site "Muscat"]
[Date "2022.02.14"]
[Round "6"]
[White "Al Balushi, Said"]
[Black "Al Hosni, Khalfan"]
[Result "0-1"]
[WhiteElo "1476"]
[BlackElo "1657"]
[PlyCount "98"]
[EventDate "2022.02.10"]
[EventType "swiss"]
[EventRounds "9"]
[EventCountry "OMN"]
[SourceTitle "EXT 2023"]
[Source "ChessBase"]
[SourceDate "2022.10.05"]
[SourceVersion "1"]
[SourceVersionDate "2022.10.05"]
[SourceQuality "1"]

1. d4 d5 2. Bf4 Nf6 3. e3 c5 4. c3 Nc6 5. Nd2 Bf5 6. Qb3 Qc8 7. Bb5 a6 8. Be2 e6 9. Ngf3 Be7 10. Nh4 0-0 11. Nxf5 exf5 12. 0-0 c4 13. Qc2 b5 14. f3 Nh5 15. Bg3 Nxg3 16. hxg3 Bg5 17. f4 Bd8 18. Kf2 Re8 19. Nf3 f6 20. Nh4 g6 21. g4 Qe6 22. Qd2 fxg4 23. g3 f5 24. Rh1 Ra7 25. Rae1 Ne7 26. Bd1 Rb7 27. a3 Nc8 28. Bc2 Nd6 29. Re2 Be7 30. e4 dxe4 31. Ng2 a5 32. Ne3 Reb8 33. Ke1 b4 34. Reh2 bxc3 35. bxc3 h5 36. Qc1 Nb5 37. Qa1 Nxa3 38. Bd1 Qb6 39. Nd5 Qd6 40. Ne3 Qd8 41. Nxf5 Rb5 42. Nh6+ Kg7 43. Nxg4 hxg4 44. Rh7+ Kf6 45. Qc1 Rb1 46. Rxe7 Rxc1 47. Rhh7 Qxe7 48. f5 Qxh7 49. fxg6 Qh1+ 0-1

[Event "OMA-ch"]
[Site "Muscat"]
[Date "2022.02.12"]
[Round "4"]
[White "Al Balushi, Said"]
[Black "Al Zadjali, Abdul Rahman"]
[Result "1-0"]
[WhiteElo "1476"]
[BlackElo "1855"]
[PlyCount "111"]
[EventDate "2022.02.10"]
[EventType "swiss"]
[EventRounds "9"]
[EventCountry "OMN"]
[SourceTitle "EXT 2023"]
[Source "ChessBase"]
[SourceDate "2022.10.05"]
[SourceVersion "1"]
[SourceVersionDate "2022.10.05"]
[SourceQuality "1"]

1. d4 Nf6 2. Bf4 d5 3. e3 e6 4. Nf3 Bd6 5. Bg3 0-0 6. Bd3 c5 7. c3 b6 8. Nbd2 Ba6 9. Bxa6 Nxa6 10. Qe2 Nc7 11. e4 dxe4 12. Nxe4 Nxe4 13. Qxe4 f5 14. Qc6 f4 15. Bh4 Be7 16. Bxe7 Qxe7 17. dxc5 Qxc5 18. Qxc5 bxc5 19. c4 e5 20. 0-0-0 e4 21. Ng5 Rfe8 22. Rhe1 e3 23. fxe3 fxe3 24. Rd3 h6 25. Nf3 Re4 26. b3 Rae8 27. Re2 Na6 28. a3 Nb8 29. Ne1 Nc6 30. Nc2 Rh4 31. h3 a5 32. a4 Rd4 33. Rdxe3 Rxe3 34. Rxe3 Rf4 35. Kd2 Rf1 36. Re6 Rf2+ 37. Re2 Rf1 38. Re6 Rf2+ 39. Kd3 Rxc2 40. Rxc6 Rxg2 41. Rxc5 Rg3+ 42. Kc2 Rxh3 43. Rxa5 Rh2+ 44. Kc3 h5 45. c5 Rh1 46. Kb4 Rc1 47. c6 Rxc6 48. Rxh5 Re6 49. a5 Kf7 50. Kb5 Re3 51. b4 Kf6 52. a6 g5 53. a7 Re5+ 54. Kb6 Re6+ 55. Ka5 Re1 56. Rh8 1-0

[Event "OMA-ch"]
[Site "Muscat"]
[Date "2021.09.23"]
[Round "2"]
[White "Al Balushi, Said"]
[Black "Al Amri, Mohmmed Ali"]
[Result "0-1"]
[WhiteElo "1499"]
[BlackElo "1772"]
[PlyCount "76"]
[EventDate "2021.09.22"]
[EventType "swiss"]
[EventRounds "9"]
[EventCountry "OMN"]
[SourceTitle "EXT 2023"]
[Source "ChessBase"]
[SourceDate "2022.10.05"]
[SourceVersion "1"]
[SourceVersionDate "2022.10.05"]
[SourceQuality "1"]

1. d4 d5 2. Bf4 c5 3. e3 cxd4 4. exd4 Nc6 5. c3 f6 6. Bd3 e5 7. Qh5+ g6 8. Bxg6+ hxg6 9. Qxh8 exf4 10. Qxg8 Bf5 11. Nf3 Qe7+ 12. Kd2 0-0-0 13. Re1 Qd7 14. Nh4 Bh6 15. Nxf5 Rxg8 16. Nxh6 Rh8 17. Na3 Rxh6 18. h3 a6 19. Nc2 f3 20. gxf3 Rxh3 21. Re3 Rh2 22. Re2 Qf5 23. Ne1 Qg5+ 24. Kc2 Qh4 25. Nd3 Qh5 26. Re8+ Kc7 27. Rae1 Qxf3 28. Nc5 Qxf2+ 29. R1e2 Qxe2+ 30. Rxe2 Rxe2+ 31. Kb3 g5 32. a4 g4 33. Ka3 g3 34. b4 g2 35. b5 axb5 36. a5 g1Q 37. Na6+ bxa6 38. c4 Qg3# 0-1

[Event "Asian University"]
[Site "Tornelo INT"]
[Date "2021.09.11"]
[Round "4"]
[White "Al Balushi, Said"]
[Black "Sivanesan, Subramanian"]
[Result "0-1"]
[WhiteElo "1499"]
[BlackElo "1977"]
[PlyCount "42"]
[EventDate "2021.09.10"]
[EventType "swiss (rapid)"]
[EventRounds "9"]
[EventCountry "NET"]
[SourceTitle "CBM 204 Extra"]
[Source "ChessBase"]
[SourceDate "2021.11.30"]
[SourceVersion "1"]
[SourceVersionDate "2021.11.30"]
[SourceQuality "1"]

1. d4 d5 2. Bf4 Nf6 3. e3 e6 4. Nf3 c5 5. c3 Bd6 6. Bg3 0-0 7. Bd3 Qc7 8. Nbd2 Nbd7 9. Qe2 e5 10. dxc5 Nxc5 11. Bc2 Bg4 12. h3 Bh5 13. e4 dxe4 14. Nxe4 Nfxe4 15. Bxe4 f5 16. Bd5+ Kh8 17. 0-0-0 e4 18. Bxd6 Qxd6 19. Bxe4 Qf4+ 20. Qe3 Qxe3+ 21. fxe3 fxe4 0-1

[Event "Asia-ch Universities"]
[Site "Chess.com INT"]
[Date "2020.12.29"]
[Round "8"]
[White "Gamage, Chathulanka"]
[Black "Al Balushi, Said"]
[Result "1-0"]
[WhiteElo "1895"]
[BlackElo "1499"]
[PlyCount "165"]
[EventDate "2020.12.27"]
[EventType "swiss"]
[EventRounds "9"]
[EventCountry "IRI"]
[SourceTitle "CBM 200 Extra"]
[Source "ChessBase"]
[SourceDate "2021.03.31"]
[SourceVersion "1"]
[SourceVersionDate "2021.03.31"]
[SourceQuality "1"]

1. e4 e6 2. d4 d5 3. Nd2 Nf6 4. e5 Nfd7 5. Bd3 c5 6. c3 Nc6 7. Ne2 cxd4 8. cxd4 f6 9. exf6 Qxf6 10. Nf3 h6 11. 0-0 Bd6 12. Ng3 0-0 13. Be3 Rd8 14. Rc1 Nf8 15. Bb1 Bd7 16. a3 Be8 17. Qd2 a5 18. Rfe1 Bg6 19. Re2 Rd7 20. Rce1 Rf7 21. Bxg6 Qxg6 22. Qc2 Qg4 23. h3 Qg6 24. Qxg6 Nxg6 25. Nf1 Kh7 26. N1d2 e5 27. dxe5 Ngxe5 28. Nxe5 Bxe5 29. Nf3 Bf6 30. Rd2 Rd8 31. Red1 Rfd7 32. Bb6 Re8 33. b3 Be7 34. a4 Bb4 35. Rxd5 Rxd5 36. Rxd5 Re2 37. Rd7 Rb2 38. Rd3 Rb1+ 39. Kh2 Rb2 40. g3 Ne7 41. Kg2 Nf5 42. Ne5 Nd6 43. Bd4 Rb1 44. Nf3 b5 45. axb5 Nxb5 46. Be5 g5 47. g4 Bf8 48. h4 gxh4 49. Nxh4 Re1 50. Rd7+ Kg8 51. Bf4 Re6 52. Nf5 Nc3 53. Ra7 Nd5 54. Bg3 Bb4 55. Rd7 Ne7 56. Ne3 Rg6 57. Bf4 Bc5 58. Kg3 h5 59. g5 Kf7 60. Rd3 Ke6 61. Nc4 Nf5+ 62. Kf3 Nd4+ 63. Ke4 Ne2 64. Nxa5 Nxf4 65. Kxf4 Bxf2 66. Nc4 Bc5 67. Rd2 Bb4 68. Re2+ Kd5 69. Kf5 Rg8 70. g6 Bc3 71. Kg5 h4 72. Rh2 Ke6 73. Re2+ Kd5 74. Ne3+ Ke4 75. Nf5+ Kf3 76. Re3+ Kg2 77. Nxh4+ Kf2 78. Rxc3 Rh8 79. g7 Rg8 80. Kg6 Kg1 81. Kh7 Re8 82. g8Q+ Kh2 83. Qg2# 1-0

[Event "Arab-ch U20"]
[Site "Djerba"]
[Date "2016.07.28"]
[Round "7.4"]
[White "Al Balushi, Said"]
[Black "Abbas, Hussein Kzar"]
[Result "0-1"]
[WhiteElo "1470"]
[BlackElo "2060"]
[PlyCount "70"]
[EventDate "2016.07.23"]
[EventType "swiss"]
[EventRounds "9"]
[EventCountry "TUN"]
[SourceTitle "EXT 2024"]
[Source "ChessBase"]
[SourceDate "2023.10.10"]
[SourceVersion "1"]
[SourceVersionDate "2023.10.10"]
[SourceQuality "1"]

1. d4 Nf6 2. c4 g6 3. Nc3 Bg7 4. e4 d6 5. Nf3 0-0 6. Bd3 e5 7. d5 Nbd7 8. Bd2 Nc5 9. Bc2 a5 10. a3 Nh5 11. b4 axb4 12. axb4 Rxa1 13. Qxa1 Na6 14. Ne2 f5 15. Qb1 f4 16. h3 g5 17. Nh2 Nf6 18. Qb3 h5 19. Nf3 Nh7 20. g3 fxg3 21. Nxg3 Qf6 22. Bd1 h4 23. Nf1 g4 24. hxg4 Bxg4 25. N1h2 Bh5 26. Qe3 Kh8 27. Qa7 Qg6 28. Qe3 Rf4 29. Bc2 Bxf3 30. Nxf3 Qg2 31. Rxh4 Rxf3 32. Qg5 Qxg5 33. Bxg5 Nxb4 34. Ke2 Rc3 35. Ba4 Rxc4 0-1

[Event "Arab-ch U20"]
[Site "Djerba"]
[Date "2016.07.28"]
[Round "6.4"]
[White "Al Balushi, Said"]
[Black "Bouhadi, Abderrahim"]
[Result "0-1"]
[WhiteElo "1470"]
[BlackElo "1921"]
[PlyCount "72"]
[EventDate "2016.07.23"]
[EventType "swiss"]
[EventRounds "9"]
[EventCountry "TUN"]
[SourceTitle "EXT 2024"]
[Source "ChessBase"]
[SourceDate "2023.10.10"]
[SourceVersion "1"]
[SourceVersionDate "2023.10.10"]
[SourceQuality "1"]

1. d4 Nf6 2. c4 e6 3. Nc3 b6 4. e4 Bb7 5. Bd3 d6 6. Nf3 Be7 7. 0-0 0-0 8. Re1 Nbd7 9. Qc2 h6 10. Bd2 e5 11. d5 Nc5 12. b4 Nxd3 13. Qxd3 Bc8 14. b5 Nh5 15. Ne2 f5 16. Ng3 Nxg3 17. hxg3 fxe4 18. Qxe4 Bf5 19. Qe3 Qe8 20. Nh4 Bg5 21. f4 Bxh4 22. gxh4 exf4 23. Qxe8 Raxe8 24. Rxe8 Rxe8 25. a4 Re4 26. Rc1 Bg4 27. a5 Rd4 28. axb6 axb6 29. Be1 Be2 30. h5 Bxh5 31. Bh4 g5 32. Bf2 Rd1+ 33. Rxd1 Bxd1 34. Bxb6 cxb6 35. c5 dxc5 36. d6 Bg4 0-1

[Event "Arab-ch U20"]
[Site "Djerba"]
[Date "2016.07.26"]
[Round "5.6"]
[White "Ben Said, Firas"]
[Black "Al Balushi, Said"]
[Result "0-1"]
[WhiteElo "1654"]
[BlackElo "1470"]
[PlyCount "98"]
[EventDate "2016.07.23"]
[EventType "swiss"]
[EventRounds "9"]
[EventCountry "TUN"]
[SourceTitle "EXT 2024"]
[Source "ChessBase"]
[SourceDate "2023.10.10"]
[SourceVersion "1"]
[SourceVersionDate "2023.10.10"]
[SourceQuality "1"]

1. f4 d5 2. Nf3 Nf6 3. g3 e6 4. Bg2 c5 5. d3 Nc6 6. 0-0 Bd6 7. Nbd2 0-0 8. e4 e5 9. fxe5 Nxe5 10. exd5 Nxd5 11. Ne4 Bg4 12. Nxd6 Qxd6 13. Qd2 Nxf3+ 14. Bxf3 Bxf3 15. Rxf3 Nb4 16. Rf4 a5 17. Qf2 b6 18. Rh4 Rfe8 19. a3 Nc6 20. Be3 Qe5 21. Bc1 Re6 22. Re4 Qd5 23. Rxe6 Qxe6 24. Bd2 Nd4 25. Bc3 Ne2+ 26. Kf1 Nxc3 27. bxc3 Re8 28. c4 Qc6 29. Kg1 Qa4 30. Ra2 Qd7 31. Rb2 Re6 32. Qf4 Qb7 33. d4 cxd4 34. Qxd4 Qc7 35. Rb5 Rc6 36. Rd5 h6 37. Rd8+ Kh7 38. Qd3+ Rg6 39. Rd5 Kh8 40. Rd8+ Kh7 41. Kg2 Qc6+ 42. Qd5 Re6 43. Kh3 g6 44. Qd4 Re8 45. Rd7 Qe6+ 46. Kg2 Qe2+ 47. Kh3 Qf1+ 48. Kh4 g5+ 49. Kg4 Qf5+ 0-1